100 marek samochodów - loga. - Statystyki

Ogólne statystyki
  • Ten quiz został rozwiązany 91 razy
  • Średni wynik to 49 z 100
Statystyki odpowiedzi
Obrazkowy Odpowiedź % Poprawnych
BMW
99%
Ford
99%
Audi
97%
Ferrari
97%
Honda
97%
Opel
97%
Toyota
97%
Hyundai
96%
Lamborghini
96%
Mazda
96%
Mercedes-Benz
96%
Peugeot
96%
Seat
96%
Škoda
96%
Citroën
95%
Kia
95%
Volkswagen
95%
Renault
94%
Tesla
94%
Alfa Romeo
92%
Chevrolet
92%
Dacia
91%
Jaguar
91%
Bentley
90%
Fiat
90%
Lexus
88%
Suzuki
88%
Porsche
87%
Volvo
87%
Nissan
86%
Subaru
84%
Land Rover
82%
Jeep
79%
Mini
79%
Iveco
74%
Aston Martin
73%
Saab
71%
Dodge
70%
Mitsubishi
70%
Maserati
69%
Lancia
68%
Rolls-Royce
66%
MG
64%
Daewoo
61%
Cadillac
57%
Infiniti
57%
Bugatti
56%
Chrysler
53%
McLaren
52%
Cupra
51%
BYD
47%
Abarth
45%
GMC
45%
Tata
45%
Pagani
43%
Smart
40%
Acura
38%
Lotus
38%
Pontiac
38%
DS Automobiles
35%
Koenigsegg
34%
Lincoln
32%
Microcar
31%
FSO
27%
Łada
22%
Vauxhall
22%
Ssangyong
21%
Buick
19%
Daihatsu
19%
Rover
19%
Chery
9%
Hummer
8%
Holden
6%
Ligier
6%
Polestar
6%
Geely
5%
Oldsmobile
5%
Saleen
5%
Saturn
5%
Scion
5%
Hennessey
4%
Hongqi
3%
Isuzu
3%
Lucid
3%
Mahindra
3%
Maxus
3%
Rivian
3%
Wuling
3%
XPeng
3%
Zeekr
3%
BAIC
1%
Dongfeng
1%
Faraday Future
1%
GAZ
1%
Karma
1%
Lifan
1%
Moskwicz
1%
NIO
1%
Plymouth
1%
Trabant
1%
Nie znaleziono quizów pasujących do podanych kryteriów
Rozkład punktacji
Procent ludzi z każdym wynikiem
Percentyl według liczby udzielonych odpowiedzi
Twoja historia wyników
Nie rozwiązałeś tego quizu